000 00215nam a22000857a 4500
008 161017b xxu||||| |||| 00| 0 eng d
100 _9883
_aSharma.S.
245 _aThe Reflective Teacher
260 _aNew Delhi
_bNCERT
_c2007
999 _c3535
_d3535